000 00363 a2200169 4500
001 48128
020 _a9788516085490
040 _cAnchieta - Aquarius
100 _aMachado, Ana Maria
240 1 0 _aQuem sou eu?
_lpor
245 1 0 _aQuem sou eu?
300 _a24
362 0 _a2013
440 1 _aModerna
650 4 _aLiteratura infanto-juvenil
942 _cBK
999 _c48128
_d48128